LEADER 01330nam a2200301 a 4500 001 000000152480 003 CaOOAMICUS 005 20160622091456.0 008 160622s2015 mnu u000 u eng r 020 $a978-0-8006-6080-2* 032 $aLibriCat 040 $aPUL$bita 130 0 $aBiblia.$pV.T.$pIsaias.$lInglese.$0(OLS)http://pul/title/42821 245 10$aFirst Isaiah :$ba commentary /$cby J.J.M. Roberts ; edited by Peter Machinist. 260 $aMinneapolis :$bFortress Press,$cİ2015. 300 $axxix, 524 p. ;$c24 cm. 490 1 $aHermeneia : a critical and historical commentary on the Bible 630 04$aBiblia.$pV.T.$pIsaias.$0(OLS)http://pul/subject/17254 700 1 $aMachinist, Peter.$0(OLS)http://pul/name/48875 700 1 $aRoberts, J.J.M.$0(OLS)http://pul/name/97117 830 0$aHermeneia : a critical and historical commentary on the Bible.$0(OLS)http://pul/title/16749 850 $aPUL 852 $aPUL$W1$xSL Religione 1$y3$m6(1) E 78$j175493$qStampati$B177914$CPULBib$Z2$F177914 $H127898 $81 941 1 $a8 996 $6020$a978-0-8006-6080-2*$9(OLS)http://pul/number/160540 996 $6245$aFirst Isaiah :$ba commentary$9(OLS)http://pul/title/191889 996 $6260$aMinneapolis :$bFortress Press$9(OLS)http://pul/publisher/52703 LEADER 01186nam a2200289 a 4500 001 000000167137 003 CaOOAMICUS 005 20180417102437.0 008 180417s1991 it u000 u ita r 020 $z88-7078-181-X* 032 $aLibriCat 040 $aPUL$bita 100 1 $aLopez, Davide.$0(OLS)http://pul/name/48319 245 13$aIl mondo della persona :$baforismi /$cDavide Lopez ; prefazione di Alfredo Todisco. 260 $aMilano :$bRaffaello Cortina,$cİ1991. 300 $aXVII, 206 p. ;$c20 cm. 490 1 $aMinima ;$v07 650 4$aPersona (filosofia).$0(OLS)http://pul/subject/2012 700 1 $aTodisco, Alfredo.$0(OLS)http://pul/name/90617 830 0$aMinima (Raffaello Cortina) ;$v07.$0(OLS)http://pul/title/82330 850 $aPUL 852 $aPUL$W1$xDP1 Fondo Dalla Palma$y117$m2 B 50$j115540$qFondi$B194680$CPULBib$Z2$F194680 $HDal2743 $81 941 1 $a1 996 $6020$z88-7078-181-X*$9(OLS)http://pul/number/163801 996 $6245$aIl mondo della persona :$baforismi$9(OLS)http://pul/title/207014 996 $6260$aMilano :$bRaffaello Cortina$9(OLS)http://pul/publisher/63509